| 000 | 00457cam a2200193ua 4500 | ||
|---|---|---|---|
| 020 | _c1.00 | ||
| 041 |
_aeng _h |
||
| 082 |
_a891.43 _bJAW/BA |
||
| 100 | _aJawahar Lal, Nehru . | ||
| 245 |
_aBapu Meri Najar men / _cJawaharlal Nehru. _hTextual Documents |
||
| 250 |
_a1 / _b. |
||
| 260 |
_a : _bRajkamal Prakashan , _c1961. |
||
| 300 | _a105 ; . | ||
| 365 | _a1.00 | ||
| 504 | _a | ||
| 942 | _cBK | ||
| 999 |
_c2888 _d2888 |
||